3-х мерное моделирование при подсчете объемов полезного ископаемого; Проблемы геологии и освоения недр; Т. 2

Bibliographische Detailangaben
Parent link:Проблемы геологии и освоения недр: труды XXI Международного симпозиума имени академика М. А. Усова студентов и молодых ученых, посвященного 130-летию со дня рождения профессора М. И. Кучина, Томск, 3-7 апреля 2017 г./ Национальный исследовательский Томский политехнический университет (ТПУ), Институт природных ресурсов (ИПР) ; под ред. А. С. Боева.— , 2017
Т. 2.— 2017.— [С. 582-583]
1. Verfasser: Нурмухаметова А. Т.
Körperschaft: Сибирский государственный университет геосистем и технологий г. Новосибирск, Россия
Weitere Verfasser: Писарев В. С. (научный руководитель)
Zusammenfassung:Заглавие с экрана
Sprache:Russisch
Veröffentlicht: 2017
Schriftenreihe:Горное дело. Разработка рудных и нерудных полезных ископаемых
Schlagworte:
Online-Zugang:http://earchive.tpu.ru/handle/11683/44970
Format: Elektronisch Buchkapitel
KOHA link:https://koha.lib.tpu.ru/cgi-bin/koha/opac-detail.pl?biblionumber=625210

MARC

LEADER 00000naa2a2200000 4500
001 625210
005 20231101133342.0
035 |a (RuTPU)RU\TPU\conf\24470 
035 |a RU\TPU\conf\24468 
090 |a 625210 
100 |a 20171207d2017 k y0rusy50 ca 
101 0 |a rus 
102 |a RU 
105 |a y z 100zy 
135 |a drcn ---uucaa 
181 0 |a i  
182 0 |a b 
200 1 |a 3-х мерное моделирование при подсчете объемов полезного ископаемого  |f А. Т. Нурмухаметова  |g науч. рук. В. С. Писарев 
203 |a Текст  |c электронный 
225 1 |a Горное дело. Разработка рудных и нерудных полезных ископаемых 
230 |a 1 компьютерный файл (pdf; 425 Kb) 
300 |a Заглавие с экрана 
320 |a [Библиогр.: с. 583 (3 назв.)] 
461 1 |0 (RuTPU)RU\TPU\conf\21932  |t Проблемы геологии и освоения недр  |o труды XXI Международного симпозиума имени академика М. А. Усова студентов и молодых ученых, посвященного 130-летию со дня рождения профессора М. И. Кучина, Томск, 3-7 апреля 2017 г.  |o в 2 т.  |f Национальный исследовательский Томский политехнический университет (ТПУ), Институт природных ресурсов (ИПР) ; под ред. А. С. Боева  |d 2017 
463 1 |0 (RuTPU)RU\TPU\conf\21938  |t Т. 2  |v [С. 582-583]  |d 2017 
610 1 |a электронный ресурс 
610 1 |a 3D-моделирование 
610 1 |a объемы 
610 1 |a полезные ископаемые 
610 1 |a трехмерное моделирование 
610 1 |a картографические материалы 
610 1 |a визуализация 
610 1 |a дистанционное зондирование 
700 1 |a Нурмухаметова  |b А. Т. 
702 1 |a Писарев  |b В. С.  |4 727 
712 0 2 |a Сибирский государственный университет геосистем и технологий г. Новосибирск, Россия 
801 2 |a RU  |b 63413507  |c 20171212  |g RCR 
856 4 |u http://earchive.tpu.ru/handle/11683/44970 
942 |c BK